| 000 | 00922cab a2200265 4500 | ||
|---|---|---|---|
| 001 | ABS45484 | ||
| 008 | 090401t1991 xxu||||| |||| 00| 0 eng d | ||
| 035 | _a(Sirsi) u53307 | ||
| 041 | _aeng | ||
| 100 | _aMcIntyre, J. | ||
| 245 | _aDisputes under review | ||
| 260 | _c1991 | ||
| 350 | _a0 | ||
| 490 |
_aChartered Quantity Surveyor _v14(3) November 1991, 16-17(2) |
||
| 520 | _aDiscusses the possibility of using dispute review boards as developed by the US tunnelling industry to avoid the expense and delays caused by lengthy arbitration disputes. | ||
| 650 | _aALTERNATIVE METHODS | ||
| 650 | _aCONTRACTUAL DISPUTES | ||
| 650 |
_aDISPUTE RESOLUTION _96236 |
||
| 650 | _aLITIGATION | ||
| 650 | _aUNITED STATES | ||
| 690 | _aMANAGEMENT-DISPUTE AVOIDANCE, MANAGEMENT AND RESOLUTION-DISPUTE MANAGEMENT AND RESOLUTION-ARBITRATION | ||
| 690 | _aOVERSEAS-NORTH AMERICA | ||
| 942 | _n0 | ||
| 948 | _c04/03/1997 | ||
| 999 |
_c32874 _d32874 |
||